Cebada cervecera : tecnología para el cultivo.

Guardado en:
Autor Corporativo: Jornada de Actualización Técnica para Profesionales Bordenave)
Formato: Libro
Idioma:Spanish
Publicado: Bordenave : EEA INTA Bordenave, 1996.
Etiquetas: Agregar Etiqueta
Sin Etiquetas, Sea el primero en etiquetar este registro!
LEADER 00497nam a22001335a 4500
001 EEA.libagro008293
005 20161104103456.0
008 130809s1996####ag#a##########100#0#spa#d
082 0 4 |a 633.16 
111 2 |a Jornada de Actualización Técnica para Profesionales  |d (20 de junio de 1996 :  |c Bordenave) 
245 0 0 |a Cebada cervecera :  |b tecnología para el cultivo. 
260 |a Bordenave :  |b EEA INTA Bordenave,  |c 1996. 
300 |a 37 p. :  |b il. ;  |c 26 cm. 
859 |a AR-BbBCA  |b BIB. AGRONOMIA  |h 633.16  |i J82 1996  |p 2009/5706